Education and communication technology (Record no. 152508)
[ view plain ]
| 000 -LEADER | |
|---|---|
| fixed length control field | 00732nam a22002417a 4500 |
| 003 - CONTROL NUMBER IDENTIFIER | |
| control field | dpl |
| 005 - DATE AND TIME OF LATEST TRANSACTION | |
| control field | 20180711121056.0 |
| 008 - FIXED-LENGTH DATA ELEMENTS--GENERAL INFORMATION | |
| fixed length control field | 180602b xxu||||| |||| 00| 0 eng d |
| 010 ## - LIBRARY OF CONGRESS CONTROL NUMBER | |
| LC control number | B-217667 |
| 020 ## - INTERNATIONAL STANDARD BOOK NUMBER | |
| International Standard Book Number | 8188583979 |
| Terms of availability | 700.00 |
| 035 ## - SYSTEM CONTROL NUMBER | |
| System control number | B-217667, B-217664 |
| 037 ## - SOURCE OF ACQUISITION | |
| Source of stock number/acquisition | BPPD/PUB |
| 040 ## - CATALOGING SOURCE | |
| Transcribing agency | 0 |
| 082 14 - DEWEY DECIMAL CLASSIFICATION NUMBER | |
| Classification number | 370.3078 |
| 100 ## - MAIN ENTRY--PERSONAL NAME | |
| Personal name | Pathak, G. P. |
| 245 1# - TITLE STATEMENT | |
| Title | Education and communication technology |
| Statement of responsibility, etc | by G. P. Pathak |
| 260 ## - PUBLICATION, DISTRIBUTION, ETC. (IMPRINT) | |
| Place of publication, distribution, etc | Delhi |
| Name of publisher, distributor, etc | Reference Press |
| Date of publication, distribution, etc | 2005 |
| 270 ## - ADDRESS | |
| Address | 4831/24, Ansari Road, Darya Ganj |
| City | Delhi |
| Postal code | 110002 |
| 300 ## - PHYSICAL DESCRIPTION | |
| Extent | vii, 328p. : |
| Dimensions | 22 cm. (Hb.) |
| 500 ## - GENERAL NOTE | |
| General note | Bibliographical References and Index |
| 650 #0 - SUBJECT ADDED ENTRY--TOPICAL TERM | |
| Topical term or geographic name as entry element | Education |
| 942 ## - ADDED ENTRY ELEMENTS (KOHA) | |
| Institution code [OBSOLETE] | dpl |
| Koha item type | English Books |
| Call number prefix | 371.3078 / PAT |
| Source of classification or shelving scheme | Dewey Decimal Classification |
| Classification part | 371.3078 |
| Call number suffix | PAT |
| Withdrawn status | Lost status | Source of classification or shelving scheme | Damaged status | Not for loan | Collection code | Home library | Current library | Date acquired | Source of acquisition | Cost, normal purchase price | Total Checkouts | Full call number | Barcode | Date last seen | Cost, replacement price | Price effective from | Koha item type |
|---|---|---|---|---|---|---|---|---|---|---|---|---|---|---|---|---|---|
| Dewey Decimal Classification | Non-fiction | Patel Nagar | Patel Nagar | 11/07/2018 | BPPD/PUB | 700.00 | 371.3078 PAT | B-217664 | 11/07/2018 | 700.00 | 11/07/2018 | English Books | |||||
| Dewey Decimal Classification | Non-fiction | Sarojini Nagar | Sarojini Nagar | 14/10/2018 | 371.3078 PAT | B-217665 | 14/10/2018 | 14/10/2018 | English Books | ||||||||
| Dewey Decimal Classification | Non-fiction | Shahdara Branch | Shahdara Branch | 02/06/2018 | BPPD/PUB | 700.00 | 371.3078 PAT | B-217667 | 02/06/2018 | 700.00 | 02/06/2018 | English Books |
